000 00493nam a22001937a 4500
005 20260527163013.0
010 _aENG-148638
020 _a9789395485760
_c299.00
035 _aEN-132170
037 _bDBAD
082 _aN
100 _aUnny, Lakshmi
_989224
245 _aJourney with My Prince/
_cLakshmi Unny
250 _a1
260 _aKerala
_bCosmo Books
_c2024
270 _bKerala
_mcosmobooks@asianetindia.com
300 _a152p.
_bIndex
_c22cm(pb)
942 _2ddc
_cEN
_hN
_mUNN
999 _c216386
_d216386